[Event "POL-chT U20 2nd League"]
[Site "Sypniewo"]
[Date "2025.06.26"]
[Round "9.4"]
[White "Pawlicz, Filip"]
[Black "Fuks, Milan"]
[Result "0-1"]
[WhiteElo "1915"]
[BlackElo "1782"]
[PlyCount "54"]
[EventDate "2025.06.18"]
[EventType "team-swiss"]
[EventRounds "9"]
[EventCountry "POL"]
[SourceTitle "CB27_2025"]
[SourceDate "2025.07.02"]
[SourceVersion "1"]
[SourceVersionDate "2025.07.02"]
[SourceQuality "1"]
[WhiteTeam "Szczecin Gryf"]
[BlackTeam "Grodzisk Maowiecki."]
[WhiteTeamCountry "POL"]
[BlackTeamCountry "POL"]

1. g3 d5 2. Nf3 Nf6 3. Bg2 Bf5 4. 0-0 h6 5. b3 e6 6. Bb2 Nbd7 7. d4 Be7 8. c4 c6 9. Nc3 0-0 10. Re1 Ne4 11. Nd2 Ndf6 12. Rc1 Nxf2 13. Kxf2 Ng4+ 14. Kf3 Nxh2+ 15. Kf2 Ng4+ 16. Kf3 Bg5 17. e4 Qf6 18. exf5 Qxd4 19. Qc2 exf5 20. Nce4 dxe4+ 21. Nxe4 Nh2+ 22. Ke2 Qe3+ 23. Kd1 Rad8+ 24. Nd6 Rxd6+ 25. Bd5 Qf3+ 26. Qe2 cxd5 27. Kc2 Qxe2+ 0-1

[Event "POL-chT U20 2nd League"]
[Site "Sypniewo"]
[Date "2025.06.24"]
[Round "7.4"]
[White "Bednarek, Jan"]
[Black "Pawlicz, Filip"]
[Result "1-0"]
[WhiteElo "1905"]
[BlackElo "1915"]
[PlyCount "122"]
[EventDate "2025.06.18"]
[EventType "team-swiss"]
[EventRounds "9"]
[EventCountry "POL"]
[SourceTitle "CB27_2025"]
[SourceDate "2025.07.02"]
[SourceVersion "1"]
[SourceVersionDate "2025.07.02"]
[SourceQuality "1"]
[WhiteTeam "Krakow Dwie Wieze"]
[BlackTeam "Szczecin Gryf"]
[WhiteTeamCountry "POL"]
[BlackTeamCountry "POL"]

1. e4 e6 2. d4 d5 3. Nd2 Be7 4. Bd3 c5 5. dxc5 Nf6 6. exd5 Qxd5 7. Ngf3 0-0 8. 0-0 Nc6 9. Qe2 Nb4 10. Bc4 Qxc5 11. Nb3 Qh5 12. c3 Nbd5 13. Ne5 Qxe2 14. Bxe2 Bd6 15. Nc4 Bc7 16. Ne3 Nf4 17. Bf3 e5 18. Nc5 Rb8 19. g3 Nh3+ 20. Kh1 b6 21. Ne4 Nxe4 22. Bxe4 Ba6 23. c4 Rbd8 24. Bf5 Ng5 25. Nd5 Rxd5 26. cxd5 Bxf1 27. Bxg5 Bc4 28. Rc1 Bxd5+ 29. Kg1 f6 30. Be3 Rf7 31. Rd1 Bxa2 32. Ra1 Bd5 33. Rxa7 b5 34. Bd3 Bc6 35. Ra6 Bb7 36. Ra1 Bc6 37. Rc1 Be8 38. Be4 Re7 39. Bc5 Rd7 40. Bc6 Rd8 41. Be7 Bxc6 42. Bxd8 Bxd8 43. Rxc6 Be7 44. Kf1 Kf7 45. Ke2 f5 46. f3 b4 47. Kd3 h5 48. b3 g5 49. h3 Bf8 50. Ke3 Be7 51. g4 e4 52. gxf5 exf3 53. Kxf3 Bf6 54. Ke4 Bc3 55. Rh6 h4 56. Kf3 Bg7 57. Rg6 Bf6 58. Kg4 Ke7 59. Rxg5 Kd6 60. Rg6 Ke5 61. Rxf6 Kxf6 1-0

[Event "POL-chT U20 2nd League"]
[Site "Sypniewo"]
[Date "2025.06.18"]
[Round "1.4"]
[White "Kopia, Julian"]
[Black "Pawlicz, Filip"]
[Result "1-0"]
[WhiteElo "1836"]
[BlackElo "1915"]
[PlyCount "83"]
[EventDate "2025.06.18"]
[EventType "team-swiss"]
[EventRounds "9"]
[EventCountry "POL"]
[SourceTitle "CB27_2025"]
[SourceDate "2025.07.02"]
[SourceVersion "1"]
[SourceVersionDate "2025.07.02"]
[SourceQuality "1"]
[WhiteTeam "Krakow CC 1893"]
[BlackTeam "Szczecin Gryf"]
[WhiteTeamCountry "POL"]
[BlackTeamCountry "POL"]

1. e4 e6 2. d4 d5 3. Nd2 Be7 4. Bd3 c5 5. dxc5 Bxc5 6. Qe2 Ne7 7. Ngf3 Nbc6 8. Nb3 Bb6 9. Bd2 Bd7 10. 0-0 Qc7 11. a4 a6 12. Rfe1 dxe4 13. Qxe4 Ng6 14. Bc3 0-0 15. Bd2 Nce7 16. Ne5 Nf5 17. a5 Ba7 18. Nxd7 Qxd7 19. Rad1 Qc7 20. Qg4 Bb8 21. g3 Ne5 22. Qe4 Nxd3 23. Qxd3 Ba7 24. Bc3 Rad8 25. Qf3 b5 26. axb6 Bxb6 27. Ra1 Ra8 28. Ra4 a5 29. Rea1 Ra7 30. Nxa5 Qd7 31. R4a3 Nd4 32. Bxd4 Qxd4 33. c3 Qc5 34. b4 Qg5 35. Nb3 Rc7 36. Ra8 g6 37. Rxf8+ Kxf8 38. Ra8+ Kg7 39. Rb8 Qb5 40. Nd4 Qa6 41. Nxe6+ Kh6 42. Qf4+ 1-0

[Event "Lazy Baltic Pearl op-A 20th"]
[Site "Lazy"]
[Date "2024.06.30"]
[Round "7"]
[White "Ejsymont, Eryk"]
[Black "Pawlicz, Filip"]
[Result "0-1"]
[WhiteElo "1710"]
[BlackElo "1919"]
[PlyCount "85"]
[EventDate "2024.06.24"]
[EventType "swiss"]
[EventRounds "9"]
[EventCountry "POL"]
[SourceTitle "CBM 220 Extra"]
[Source "ChessBase"]
[SourceDate "2024.07.31"]
[SourceVersion "1"]
[SourceVersionDate "2024.07.31"]
[SourceQuality "1"]

1. e4 e6 2. d4 d5 3. Nd2 dxe4 4. Nxe4 b6 5. Nf3 Bb7 6. Bb5+ c6 7. Bd3 Nd7 8. Bf4 Ndf6 9. 0-0 Nxe4 10. Bxe4 Nf6 11. Bd3 Be7 12. h3 0-0 13. c4 c5 14. dxc5 Bxc5 15. Rb1 Qe7 16. a3 a5 17. Ne5 Ne4 18. Qe2 Nxf2 19. Rxf2 Bxf2+ 20. Qxf2 f6 21. Qh4 g5 22. Qg4 fxe5 23. Bxg5 Qg7 24. Qxe6+ Kh8 25. h4 e4 26. Bc2 e3 27. Qg4 h6 28. Bf5 Rxf5 29. Qxf5 hxg5 30. hxg5 Rf8 31. Qh3+ Qh7 32. b4 Rf2 33. Qxh7+ Kxh7 34. Re1 Rxg2+ 35. Kf1 Rf2+ 36. Kg1 Rf3 37. bxa5 bxa5 38. c5 Bc6 39. Rd1 e2 40. Re1 Bb5 41. c6 Rf1+ 42. Kg2 Rxe1 43. a4 0-1

[Event "Lazy Baltic Pearl op-A 20th"]
[Site "Lazy"]
[Date "2024.06.29"]
[Round "6"]
[White "Pawlicz, Filip"]
[Black "Blaszkiewicz, Jakub"]
[Result "1/2-1/2"]
[WhiteElo "1919"]
[BlackElo "1793"]
[PlyCount "74"]
[EventDate "2024.06.24"]
[EventType "swiss"]
[EventRounds "9"]
[EventCountry "POL"]
[SourceTitle "CBM 220 Extra"]
[Source "ChessBase"]
[SourceDate "2024.07.31"]
[SourceVersion "1"]
[SourceVersionDate "2024.07.31"]
[SourceQuality "1"]

1. e4 e5 2. Nf3 Nc6 3. Bb5 a6 4. Ba4 Nf6 5. Qe2 b5 6. Bb3 Be7 7. c3 0-0 8. 0-0 d6 9. h3 Na5 10. Bc2 c5 11. d3 Bb7 12. Be3 c4 13. Nfd2 cxd3 14. Bxd3 d5 15. exd5 Nxd5 16. Bc2 f5 17. f3 Nxe3 18. Qxe3 Nc6 19. Nb3 Bg5 20. Qf2 Qf6 21. Nc5 Qh6 22. Re1 Bc8 23. Na3 Rf6 24. Bb3+ Kh8 25. Nc2 Bh4 26. Qe2 f4 27. Nd4 Bxh3 28. Nxc6 Rxc6 29. Qxe5 Bxe1 30. Rxe1 Qg6 31. Re2 Bxg2 32. Rxg2 Qb1+ 33. Kf2 Qxb2+ 34. Kf1 Qc1+ 35. Ke2 Qb2+ 36. Kf1 Qc1+ 37. Ke2 Qb2+ 1/2-1/2

[Event "Lazy Baltic Pearl op-A 20th"]
[Site "Lazy"]
[Date "2024.06.27"]
[Round "4"]
[White "Pawlicz, Filip"]
[Black "Czaja, Wiktor"]
[Result "0-1"]
[WhiteElo "1919"]
[BlackElo "1843"]
[PlyCount "74"]
[EventDate "2024.06.24"]
[EventType "swiss"]
[EventRounds "9"]
[EventCountry "POL"]
[SourceTitle "CBM 220 Extra"]
[Source "ChessBase"]
[SourceDate "2024.07.31"]
[SourceVersion "1"]
[SourceVersionDate "2024.07.31"]
[SourceQuality "1"]

1. e4 g6 2. c3 Bg7 3. g3 d6 4. Bg2 c5 5. Ne2 Nc6 6. 0-0 Nf6 7. d3 Rb8 8. f4 h5 9. h3 Bd7 10. Be3 Qc8 11. h4 Ng4 12. Qd2 b5 13. d4 Nxe3 14. Qxe3 cxd4 15. cxd4 Qa6 16. e5 0-0 17. Nbc3 Bg4 18. d5 Na5 19. exd6 exd6 20. Qd3 Rfe8 21. Rae1 Qb6+ 22. Kh2 Re3 23. Qd2 Nc4 24. Qc1 Rbe8 25. b3 Na5 26. Qd2 Qa6 27. Ne4 R8xe4 28. Bxe4 Rxe4 29. Nc1 Rd4 30. Re8+ Kh7 31. Qe3 Qb7 32. Ne2 Bxe2 33. Qxe2 Qxd5 34. Rf2 Rd1 35. Rg2 Nc6 36. Rc8 Nd4 37. Rf2 Rh1# 0-1

[Event "POL-ch Rapid U18"]
[Site "Bydgoszcz"]
[Date "2023.08.30"]
[Round "9"]
[White "Pawlicz, Filip"]
[Black "Schiller, Marcin"]
[Result "1-0"]
[WhiteElo "1781"]
[BlackElo "1423"]
[PlyCount "139"]
[EventDate "2023.08.28"]
[EventType "swiss"]
[EventRounds "11"]
[EventCountry "POL"]
[SourceTitle "CBM 216 Extra"]
[Source "ChessBase"]
[SourceDate "2023.11.30"]
[SourceVersion "1"]
[SourceVersionDate "2023.11.30"]
[SourceQuality "1"]

1. e4 e6 2. d4 d5 3. Nd2 c5 4. exd5 Qxd5 5. Ngf3 cxd4 6. Bc4 Qd6 7. 0-0 Nf6 8. Nb3 Nc6 9. Re1 Be7 10. Nbxd4 Nxd4 11. Nxd4 0-0 12. c3 a6 13. Qf3 Rb8 14. Bf4 Qc5 15. Bxb8 Qxc4 16. Be5 Rd8 17. b3 Qc5 18. Rad1 b5 19. Qc6 Qa7 20. Bxf6 gxf6 21. Qe4 Qc5 22. Nc6 Re8 23. Nxe7+ Qxe7 24. Rd3 f5 25. Rg3+ Kh8 26. Qd4+ f6 27. Rd1 e5 28. Qd6 Qf7 29. h3 f4 30. Rgd3 Rg8 31. Qd8 Bf5 32. Qd5 Qg7 33. Qc6 e4 34. Rg3 fxg3 35. fxg3 Bxh3 36. Rd2 Bd7 37. Rxd7 Qg5 38. Qxe4 Qc1+ 39. Kf2 Qh6 40. Qf4 Qg6 41. Rd6 Rf8 42. g4 Qc2+ 43. Kg1 Qxa2 44. Rxf6 Rxf6 45. Qxf6+ Kg8 46. Qe6+ Kg7 47. Kh2 a5 48. Qd7+ Kg6 49. Qxb5 Qd2 50. Qb6+ Kf7 51. Qa7+ Ke6 52. Qb6+ Kf7 53. Qd4 Qh6+ 54. Kg3 Kg8 55. Qd5+ Kf8 56. Qc5+ Kg8 57. Qc4+ Kg7 58. Qd4+ Kg8 59. c4 Qc1 60. Qd5+ Kh8 61. Qf7 Qe1+ 62. Qf2 Qe5+ 63. Kh3 Qc3+ 64. Qf3 Qb4 65. Qe3 Kg7 66. c5 Kf7 67. c6 Qd6 68. Qe4 Qc5 69. Qf5+ Qxf5 70. gxf5 1-0

[Event "POL-ch Rapid U18"]
[Site "Bydgoszcz"]
[Date "2023.08.29"]
[Round "5"]
[White "Pawlicz, Filip"]
[Black "Strus, Tadeusz"]
[Result "1-0"]
[WhiteElo "1781"]
[BlackElo "1354"]
[PlyCount "137"]
[EventDate "2023.08.28"]
[EventType "swiss"]
[EventRounds "11"]
[EventCountry "POL"]
[SourceTitle "CBM 216 Extra"]
[Source "ChessBase"]
[SourceDate "2023.11.30"]
[SourceVersion "1"]
[SourceVersionDate "2023.11.30"]
[SourceQuality "1"]

1. c4 e5 2. Nc3 Nf6 3. g3 g6 4. Bg2 Bg7 5. d3 0-0 6. e4 c6 7. Nge2 b6 8. 0-0 Bb7 9. Qb3 Na6 10. f4 d6 11. h3 exf4 12. Nxf4 Nc5 13. Qc2 Ne6 14. Nfe2 c5 15. Nd5 Nxd5 16. exd5 Nd4 17. Nxd4 Bxd4+ 18. Kh2 Qd7 19. Bd2 Rfe8 20. Bc3 Bxc3 21. Qxc3 Re2 22. Rf6 Rae8 23. Raf1 R8e7 24. d4 Ba6 25. dxc5 bxc5 26. b3 Rxa2 27. Qf3 Ree2 28. Rg1 Bc8 29. g4 Rac2 30. Qf4 Re5 31. Kh1 Qe7 32. Rf1 Re1 33. Rxd6 Rxf1+ 34. Bxf1 Rf2 35. Rxg6+ hxg6 36. Qxf2 Qe4+ 37. Bg2 Qb1+ 38. Kh2 Qxb3 39. Qxc5 Ba6 40. d6 Qb8 41. Bd5 Qb2+ 42. Bg2 Qb8 43. Kh1 Qb1+ 44. Qg1 Qb8 45. c5 Bb7 46. Bxb7 Qxb7+ 47. Qg2 Qb1+ 48. Kh2 Qe1 49. Qg1 Qe5+ 50. Kg2 Qe4+ 51. Kg3 Qe5+ 52. Kf3 Qd5+ 53. Kf4 g5+ 54. Kg3 Qe5+ 55. Kf3 Qd5+ 56. Ke3 Qb3+ 57. Ke4 Qb4+ 58. Kd5 Qb7+ 59. Ke5 Qb2+ 60. Qd4 Qh2+ 61. Kf5 Qc2+ 62. Kxg5 Qc1+ 63. Kh5 Qc2 64. d7 Qg6+ 65. Kh4 Qh6+ 66. Kg3 Qe6 67. d8Q+ Kh7 68. Q8h8+ Kg6 69. Qh5# 1-0

[Event "Greifswald op"]
[Site "Greifswald"]
[Date "2023.01.08"]
[Round "4"]
[White "Oberling, Mario"]
[Black "Pawlicz, Filip"]
[Result "1/2-1/2"]
[WhiteElo "1839"]
[BlackElo "1290"]
[PlyCount "37"]
[EventDate "2023.01.06"]
[EventType "swiss"]
[EventRounds "5"]
[EventCountry "GER"]
[SourceTitle "CBM 212 Extra"]
[Source "ChessBase"]
[SourceDate "2023.03.31"]
[SourceVersion "1"]
[SourceVersionDate "2023.03.31"]
[SourceQuality "1"]

1. Nc3 c5 2. Nf3 Nc6 3. d4 cxd4 4. Nxd4 e5 5. Ndb5 a6 6. Nd6+ Bxd6 7. Qxd6 Qe7 8. Qd1 Nf6 9. e4 h6 10. a3 0-0 11. Be3 d6 12. Be2 b5 13. 0-0 Bb7 14. Qd3 Nd4 15. Bxd4 exd4 16. Qxd4 Nxe4 17. Nxe4 Qxe4 18. Qxe4 Bxe4 19. c4 1/2-1/2

[Event "Mecklenburg VP Verbandsliga 2223"]
[Site "Mecklenburg VP"]
[Date "2022.11.27"]
[Round "3.8"]
[White "Markovych, Leonid"]
[Black "Pawlicz, Filip"]
[Result "0-1"]
[WhiteElo "1296"]
[BlackElo "1290"]
[PlyCount "60"]
[EventDate "2022.10.23"]
[EventType "team-tourn"]
[EventRounds "9"]
[EventCountry "GER"]
[SourceTitle "EXT 2024"]
[Source "ChessBase"]
[SourceDate "2023.10.10"]
[SourceVersion "1"]
[SourceVersionDate "2023.10.10"]
[SourceQuality "1"]
[WhiteTeam "Makkabi Rostock"]
[BlackTeam "Torgelow Droegeheide II"]
[WhiteTeamCountry "GER"]
[BlackTeamCountry "GER"]

1. d4 d5 2. c4 e6 3. Nf3 Nf6 4. Bg5 Be7 5. Nc3 b6 6. e3 Bb7 7. Bd3 Nbd7 8. 0-0 0-0 9. Qc2 h6 10. Bxf6 Nxf6 11. cxd5 Nxd5 12. Nxd5 Bxd5 13. e4 Bb7 14. Rac1 c5 15. dxc5 Bxc5 16. Rfd1 Qe7 17. Qe2 Rac8 18. a3 a5 19. Bb5 Qf6 20. h3 Rfd8 21. Rxd8+ Rxd8 22. Rc2 Qf4 23. Bd3 Kh7 24. g3 Qxg3+ 25. Kf1 Qxh3+ 26. Ke1 Qh1+ 27. Kd2 Ba6 28. Rc3 Qb1 29. Ne1 Qxb2+ 30. Rc2 Qxa3 0-1

[Event "Wch U10 blitz"]
[Site "Rhodes"]
[Date "2022.05.03"]
[Round "3"]
[White "Negrean, Andrei"]
[Black "Pawlicz, Filip"]
[Result "1/2-1/2"]
[WhiteElo "1862"]
[BlackElo "1385"]
[PlyCount "100"]
[EventDate "2022.05.03"]
[EventType "swiss (blitz)"]
[EventRounds "9"]
[EventCountry "GRE"]
[SourceTitle "CBM 208 Extra"]
[Source "ChessBase"]
[SourceDate "2022.07.31"]
[SourceVersion "1"]
[SourceVersionDate "2022.07.31"]
[SourceQuality "1"]

1. d4 d5 2. c4 e6 3. Nf3 Nf6 4. g3 Be7 5. Bg2 0-0 6. 0-0 b6 7. Re1 Bb7 8. Nc3 Nbd7 9. Ne5 c5 10. cxd5 exd5 11. Bf4 cxd4 12. Qxd4 Bc5 13. Qd3 Nxe5 14. Bxe5 Bxf2+ 15. Kxf2 Ng4+ 16. Kg1 Nxe5 17. Qd4 Qe7 18. Nxd5 Bxd5 19. Qxd5 Rad8 20. Qe4 Qc5+ 21. Kh1 Rfe8 22. b4 Qb5 23. a4 Qc4 24. Qxc4 Nxc4 25. Rac1 Ne3 26. Rc7 g6 27. Bf3 a5 28. bxa5 bxa5 29. Ra7 Re5 30. Kg1 Nd1 31. Bc6 Nc3 32. Bb5 Nxb5 33. Rxa5 Rdd5 34. axb5 Rxb5 35. Rxb5 Rxb5 36. Kf2 Kg7 37. Rc1 Rd5 38. Rc3 h5 39. h4 Kf6 40. Rf3+ Rf5 41. Ke3 Ke5 42. Rf4 f6 43. Re4+ Kd5 44. Re8 Re5+ 45. Rxe5+ Kxe5 46. Kf3 g5 47. hxg5 fxg5 48. e3 Kf5 49. e4+ Ke5 50. Ke3 h4 1/2-1/2

[Event "Wch U10 blitz"]
[Site "Rhodes"]
[Date "2022.05.03"]
[Round "6"]
[White "Pawlicz, Filip"]
[Black "Gabadadze, Gabriel"]
[Result "0-1"]
[WhiteElo "1385"]
[BlackElo "1254"]
[PlyCount "101"]
[EventDate "2022.05.03"]
[EventType "swiss (blitz)"]
[EventRounds "9"]
[EventCountry "GRE"]
[SourceTitle "CBM 208 Extra"]
[Source "ChessBase"]
[SourceDate "2022.07.31"]
[SourceVersion "1"]
[SourceVersionDate "2022.07.31"]
[SourceQuality "1"]

1. e4 c5 2. Nf3 e6 3. c4 Nc6 4. Nc3 Nd4 5. Be2 Ne7 6. 0-0 Nec6 7. Nb5 Nxe2+ 8. Qxe2 a6 9. Nc3 Nd4 10. Qd1 d6 11. d3 Be7 12. Be3 Bf6 13. Bxd4 cxd4 14. Ne2 e5 15. b4 Bg4 16. Nd2 0-0 17. h3 Bd7 18. f4 g6 19. f5 Kg7 20. fxg6 fxg6 21. Nf3 Bg5 22. Nxg5 Qxg5 23. Kh1 Qe3 24. Ng1 Rxf1 25. Qxf1 Rf8 26. Qe2 Rf2 27. Qxe3 dxe3 28. Re1 Rxa2 29. Rxe3 Rb2 30. c5 dxc5 31. bxc5 Rc2 32. d4 exd4 33. Rd3 Rxc5 34. Rxd4 Be6 35. Nf3 Rc4 36. Kg1 Rxd4 37. Nxd4 Kf6 38. Kf2 b5 39. Ke3 Bc4 40. Nc6 Ke6 41. Kd4 Bf1 42. Nb4 a5 43. Nc6 a4 44. Kc5 a3 45. Nd4+ Ke5 46. Nb3 Bc4 47. Na1 Kxe4 48. Kb4 a2 49. Nc2 Kd3 50. Na1 Kd2 51. g4 0-1

[Event "POL-ch U10"]
[Site "Jastrzebia Gora"]
[Date "2022.03.12"]
[Round "5"]
[White "Pawlicz, Filip"]
[Black "Kogut, Aleksander"]
[Result "1/2-1/2"]
[WhiteElo "1280"]
[BlackElo "1011"]
[PlyCount "105"]
[EventDate "2022.03.08"]
[EventType "swiss"]
[EventRounds "9"]
[EventCountry "POL"]
[SourceTitle "EXT 2023"]
[Source "ChessBase"]
[SourceDate "2022.10.05"]
[SourceVersion "1"]
[SourceVersionDate "2022.10.05"]
[SourceQuality "1"]

1. e4 e5 2. Nf3 Nc6 3. Bb5 a6 4. Ba4 Bc5 5. 0-0 d6 6. c3 b5 7. Bb3 Bg4 8. Bd5 Qd7 9. h3 Bxf3 10. Qxf3 Nf6 11. d3 h6 12. Be3 Ba7 13. Nd2 0-0 14. Bxh6 Nxd5 15. exd5 Ne7 16. Be3 Qf5 17. Qxf5 Nxf5 18. Bxa7 Rxa7 19. g4 Ne7 20. c4 Rb7 21. b3 Ng6 22. Rfe1 Nf4 23. Re3 Kh7 24. Kh2 a5 25. Ne4 f6 26. Nc3 bxc4 27. dxc4 Kg6 28. Ne2 Nxe2 29. Rxe2 Kg5 30. Kg3 Rh8 31. Rf1 Rb4 32. Re3 a4 33. Rc1 g6 34. Rf1 axb3 35. axb3 f5 36. Rc3 f4+ 37. Kg2 Rhb8 38. Rb1 e4 39. Re1 Rxb3 40. Rxb3 Rxb3 41. Rxe4 Rc3 42. Kh2 Rf3 43. Kg2 Rc3 44. Rd4 Rc2 45. Kf3 Rc3+ 46. Ke4 Rxh3 47. f3 Rh1 48. Rd3 Re1+ 49. Kd4 Rc1 50. Rd2 Re1 51. c5 Re7 52. c6 Kh4 53. Kc4 1/2-1/2